Dictionary of Finance and Investment Terms

Na minha lista:
Detalhes bibliográficos
Autor principal: Downes, John
Outros Autores: Goodman, Jordan Elliot
Formato: Livro
Idioma:inglês
Publicado em: New York Barron's Educational Series 1987
Edição:1. ed.
Tags: Adicionar Tag
Sem tags, seja o primeiro a adicionar uma tag!

MARC

LEADER 00000nam a2200000 4500
001 c030813
005 20221219115657.8
041 0 |a eng 
044 |a US 
245 1 0 |a Dictionary of Finance and Investment Terms  |c John Downes, Jordan Elliot Goodman 
250 |a 1. ed. 
264 1 |a New York  |b Barron's Educational Series  |c 1987 
300 |a 495 s. 
100 1 |a Downes, John 
700 1 |a Goodman, Jordan Elliot